Biến đổi không gian văn hóa buôn làng Ê Đê ở Buôn Ma Thuộc từ sau 1975 đến nay
Guardat en:
| Autor principal: | |
|---|---|
| Format: | Llibre |
| Publicat: |
Hà Nội
Đại học Quốc gia Hà Nội
2019
|
| Matèries: | |
| Etiquetes: |
Afegir etiqueta
Sense etiquetes, Sigues el primer a etiquetar aquest registre!
|
| Thư viện lưu trữ: | Trung tâm Học liệu Lê Vũ Hùng, Trường Đại học Đồng Tháp |
|---|
| LEADER | 00858pam a22002418a 4500 | ||
|---|---|---|---|
| 001 | 00045357 | ||
| 005 | 20200217160202.0 | ||
| 008 | 170515s2002 ||||||Viesd | ||
| 020 | # | # | |a 9786049680090 |c 0 |
| 041 | 0 | # | |a Vie |
| 082 | 1 | 4 | |a 305.899 |b B305Đ |
| 100 | 1 | # | |a Đặng, Hoài Giang |
| 245 | 1 | 0 | |a Biến đổi không gian văn hóa buôn làng Ê Đê ở Buôn Ma Thuộc từ sau 1975 đến nay |c Đặng Hoài Giang |
| 260 | # | # | |a Hà Nội |b Đại học Quốc gia Hà Nội |c 2019 |
| 300 | # | # | |a 292 tr. |c 21 cm |
| 653 | # | # | |a Buôn Ma Thuộc |
| 653 | # | # | |a Buôn làng |
| 653 | # | # | |a Dân tộc Ê Đê |
| 653 | # | # | |a Văn hóa |
| 653 | # | # | |a Đắc Lắc |
| 852 | # | # | |j KD.0026690 |j KM.0033813 |
| 910 | # | # | |d 17/2/2020 |
| 980 | # | # | |a Trung tâm Học liệu Lê Vũ Hùng, Trường Đại học Đồng Tháp |


